[Event "Oskarja Memorial 10th"]
[Site "Chess.com INT"]
[Date "2021.01.16"]
[Round "8"]
[White "Srebro, Mira"]
[Black "Stanic, Vitko"]
[Result "0-1"]
[WhiteElo "1575"]
[BlackElo "1689"]
[PlyCount "80"]
[EventDate "2021.01.16"]
[EventType "swiss (blitz)"]
[EventRounds "15"]
[EventCountry "SLO"]
[SourceTitle "CBM 200 Extra"]
[Source "ChessBase"]
[SourceDate "2021.03.31"]
[SourceVersion "1"]
[SourceVersionDate "2021.03.31"]
[SourceQuality "1"]

1. e4 c5 2. Bc4 Nc6 3. Qf3 e6 4. Nc3 Ne5 5. Qe2 Nxc4 6. Qxc4 Nf6 7. e5 Ng8 8. Nf3 a6 9. 0-0 Qc7 10. d4 b5 11. Qd3 c4 12. Qe2 Bb7 13. Ng5 h6 14. Nxf7 Kxf7 15. Qh5+ g6 16. Qg4 Ne7 17. Be3 Nf5 18. Qh3 Qc6 19. d5 exd5 20. Ne2 Kg7 21. Qg4 Be7 22. Nf4 Bg5 23. h4 Nxh4 24. e6 Rad8 25. Bd4+ Bf6 26. Nh5+ Kf8 27. Nxf6 g5 28. Nxd7+ Kg8 29. Bxh8 Kxh8 30. Qd4+ Kh7 31. Nf6+ Kg6 32. e7 Re8 33. Nxe8 Qxe8 34. Qe5 Bc8 35. f4 Bd7 36. Rae1 g4 37. f5+ Nxf5 38. Rxf5 Bxf5 39. Rf1 Be4 40. Qf6+ Kh7 0-1

[Event "Ljubljana-chT 73rd"]
[Site "Ljubljana"]
[Date "2020.01.23"]
[Round "2.3"]
[White "Stanic, Vitko"]
[Black "Cijan, Alojz"]
[Result "1/2-1/2"]
[WhiteElo "1730"]
[BlackElo "1633"]
[PlyCount "119"]
[EventDate "2020.01.16"]
[EventType "team-swiss"]
[EventRounds "6"]
[EventCountry "SLO"]
[SourceTitle "EXT 2024"]
[Source "ChessBase"]
[SourceDate "2023.10.10"]
[SourceVersion "1"]
[SourceVersionDate "2023.10.10"]
[SourceQuality "1"]
[WhiteTeam "Loska Dolina"]
[BlackTeam "Crni Graben"]
[WhiteTeamCountry "SLO"]
[BlackTeamCountry "SLO"]

1. e4 c5 2. Bc4 e5 3. Nf3 Nc6 4. c3 a6 5. a4 h6 6. d3 Nf6 7. Nbd2 d6 8. Nf1 Qc7 9. Ng3 g6 10. h3 Bg7 11. Nh4 Rf8 12. Be3 Rb8 13. Qd2 Ng8 14. 0-0 Qe7 15. Nf3 Be6 16. Bd5 Qd7 17. Nh4 Nce7 18. c4 Bxd5 19. cxd5 Qd8 20. Nf3 f6 21. h4 f5 22. exf5 Nxf5 23. Nxf5 gxf5 24. g3 b6 25. Rab1 a5 26. Qe2 Qd7 27. b3 f4 28. Bxf4 Kd8 29. Be3 Kc7 30. Rbc1 Kb7 31. Nd2 Nf6 32. Qf3 Qh3 33. Rc4 Qd7 34. Qg2 Ne8 35. Kh2 Nc7 36. f4 Rbe8 37. fxe5 Bxe5 38. Rxf8 Rxf8 39. Bxh6 Rg8 40. Bf4 Bd4 41. Ne4 Ne8 42. Qh3 Qe7 43. Qe6 Qxe6 44. dxe6 Kc7 45. Ng5 Kc6 46. Rc2 Bf6 47. Re2 Be7 48. Kh3 Rg7 49. Kg4 Nf6+ 50. Kf3 Nd5 51. Bd2 b5 52. axb5+ Kxb5 53. Re4 Rg8 54. Ra4 Bd8 55. Ke4 Nc7 56. Ra1 Be7 57. Rf1 Kc6 58. Rf7 Bd8 59. Bxa5 d5+ 60. Kf3 1/2-1/2

[Event "SLO-chT3 West"]
[Site "Komenda"]
[Date "2019.12.08"]
[Round "4.1"]
[White "Baric, Dusan"]
[Black "Stanic, Vitko"]
[Result "1-0"]
[WhiteElo "2013"]
[BlackElo "1744"]
[PlyCount "27"]
[EventDate "2019.12.06"]
[EventType "team-swiss"]
[EventRounds "5"]
[EventCountry "SLO"]
[SourceTitle "EXT 2024"]
[Source "ChessBase"]
[SourceDate "2023.10.10"]
[SourceVersion "1"]
[SourceVersionDate "2023.10.10"]
[SourceQuality "1"]
[WhiteTeam "Stari Trg ob Kolpi"]
[BlackTeam "Loska Dolina II"]
[WhiteTeamCountry "SLO"]
[BlackTeamCountry "SLO"]

1. e4 e6 2. d4 d5 3. Nd2 dxe4 4. Nxe4 Nf6 5. Nxf6+ Qxf6 6. Nf3 h6 7. Bb5+ Bd7 8. Qe2 a6 9. Bc4 Be7 10. Ne5 0-0 11. 0-0 Bd6 12. f4 b5 13. Bd3 c5 14. Qe4 1-0

[Event "SLO-chT2 West"]
[Site "Komenda"]
[Date "2016.11.27"]
[Round "8.3"]
[White "Stanic, Vitko"]
[Black "Trebusak, Anton"]
[Result "0-1"]
[WhiteElo "1764"]
[BlackElo "1872"]
[PlyCount "112"]
[EventDate "2016.11.11"]
[EventType "team-tourn"]
[EventRounds "9"]
[EventCountry "SLO"]
[SourceTitle "EXT 2019"]
[Source "ChessBase"]
[SourceDate "2018.10.10"]
[SourceVersion "1"]
[SourceVersionDate "2018.10.10"]
[SourceQuality "1"]
[WhiteTeam "Loska Dolina"]
[BlackTeam "Komenda II"]
[WhiteTeamCountry "SLO"]
[BlackTeamCountry "SLO"]

1. Nf3 Nf6 2. d4 d5 3. e3 e6 4. Bd3 c5 5. c3 Nc6 6. Nbd2 Bd6 7. 0-0 0-0 8. Re1 Qc7 9. h3 Re8 10. dxc5 Bxc5 11. Nb3 Bd6 12. Nbd4 a6 13. Nxc6 Qxc6 14. a4 e5 15. Bf1 Bf5 16. Nh4 Be6 17. Nf3 Rac8 18. a5 Bb8 19. g3 Qd7 20. Kh2 Ne4 21. Qe2 Rc6 22. Bg2 f5 23. Rd1 Qf7 24. Rf1 f4 25. exf4 exf4 26. g4 h5 27. g5 Nxg5 28. Qd1 Ne4 29. Kg1 Qg6 30. Nh4 Qg5 31. Nf3 Qf6 32. Nd4 Rc7 33. Qxh5 Bf7 34. Qf5 Rce7 35. Qxf6 Nxf6 36. Bd2 Ne4 37. Bc1 Bh5 38. Bxe4 dxe4 39. Bd2 e3 40. fxe3 fxe3 41. Be1 e2 42. Rf5 Bg6 43. Rg5 Bd3 44. h4 Bf4 45. Rg4 Be3+ 46. Kg2 Rf7 47. Rg3 Be4+ 48. Kh3 Bf4 49. Rg1 Bd5 50. Nc2 Bd6 51. Nd4 Re3+ 52. Kg4 Rf4+ 53. Kg5 Rf6 54. h5 Rf1 55. Rg4 Be7+ 56. Kg6 Bf7# 0-1

[Event "SLO-chT2 West"]
[Site "Komenda"]
[Date "2016.11.12"]
[Round "3.4"]
[White "Pazlar, Marko"]
[Black "Stanic, Vitko"]
[Result "1-0"]
[WhiteElo "2061"]
[BlackElo "1764"]
[PlyCount "129"]
[EventDate "2016.11.11"]
[EventType "team-tourn"]
[EventRounds "9"]
[EventCountry "SLO"]
[SourceTitle "EXT 2019"]
[Source "ChessBase"]
[SourceDate "2018.10.10"]
[SourceVersion "1"]
[SourceVersionDate "2018.10.10"]
[SourceQuality "1"]
[WhiteTeam "Jesenice"]
[BlackTeam "Loska Dolina"]
[WhiteTeamCountry "SLO"]
[BlackTeamCountry "SLO"]

1. Nf3 Nf6 2. g3 g6 3. d4 d5 4. Bg2 Bg7 5. c4 e6 6. 0-0 0-0 7. Nc3 c6 8. b3 Nbd7 9. Bb2 Re8 10. Qc2 Nb6 11. Ne5 Nbd7 12. e4 Nb6 13. Rfd1 a6 14. Rd2 Rb8 15. Rad1 Ra8 16. a4 Rb8 17. Ba3 Bf8 18. Bxf8 Rxf8 19. Qa2 Qe7 20. a5 Nbd7 21. Nxd7 Bxd7 22. exd5 exd5 23. cxd5 cxd5 24. Nxd5 Nxd5 25. Bxd5 Qd6 26. Bg2 Bg4 27. Rc1 Rbc8 28. Rdc2 Rxc2 29. Qxc2 Qxd4 30. h3 Bc8 31. Qc3 Qd8 32. b4 h6 33. Kh2 Kh7 34. Qc5 Kg8 35. Re1 Re8 36. Rc1 Kh7 37. Qc7 Qf6 38. Qf4 Qxf4 39. gxf4 Kg7 40. Rc7 Kf6 41. Bd5 Be6 42. Bxb7 Rb8 43. Kg3 h5 44. h4 Kf5 45. Kf3 Kf6 46. Ke3 Kf5 47. f3 Kf6 48. Ke4 Bf5+ 49. Kd4 Rd8+ 50. Kc5 Bd3 51. Bd5 Rf8 52. Be4 Be2 53. Rc6+ Ke7 54. Rc7+ Kf6 55. Kb6 Rb8+ 56. Rb7 Rd8 57. Kc7 Rd4 58. Rb6+ Ke7 59. Kb7 Rd7+ 60. Ka8 Rd8+ 61. Ka7 Rd7+ 62. Rb7 Kd6 63. Rxd7+ Kxd7 64. Bb7 Kc7 65. Bxa6 1-0

[Event "SLO-chT2 West"]
[Site "Ljubljana"]
[Date "2014.11.09"]
[Round "9.4"]
[White "Stanic, Vitko"]
[Black "Kocevar, Tugomir"]
[Result "1-0"]
[WhiteElo "1794"]
[BlackElo "2006"]
[PlyCount "127"]
[EventDate "2014.10.17"]
[EventType "team-tourn"]
[EventRounds "9"]
[EventCountry "SLO"]
[SourceTitle "EXT 2019"]
[Source "ChessBase"]
[SourceDate "2018.10.10"]
[SourceVersion "1"]
[SourceVersionDate "2018.10.10"]
[SourceQuality "1"]
[WhiteTeam "Loska Dolina"]
[BlackTeam "Radovljica"]
[WhiteTeamCountry "SLO"]
[BlackTeamCountry "SLO"]

1. d4 Nf6 2. Nf3 d5 3. g3 g6 4. Bg2 Bg7 5. Nbd2 0-0 6. 0-0 Nc6 7. Re1 Bf5 8. c3 Re8 9. Nh4 Ne4 10. Nxf5 gxf5 11. Nf1 e6 12. f3 Nd6 13. Nd2 Qd7 14. e4 fxe4 15. fxe4 Ne7 16. Qh5 c6 17. e5 Ndc8 18. Nf3 Ng6 19. Ng5 h6 20. Nh3 Nce7 21. Bxh6 Bxh6 22. Qxh6 Nf5 23. Qh5 Kg7 24. Qg5 Qd8 25. Qg4 Rh8 26. Nf4 Qb6 27. Re2 Rad8 28. Rd1 a5 29. h4 Nh6 30. Qg5 Kh7 31. Nh5 Ng8 32. Nf6+ Nxf6 33. Qxf6 Rd7 34. h5 Nf8 35. Rf2 Rg8 36. Kh2 Rg7 37. Bf1 Kg8 38. Bd3 Qd8 39. Rdf1 Qxf6 40. Rxf6 Rg5 41. Be2 Re7 42. Kh3 b5 43. a3 Rb7 44. Kh4 Nh7 45. R6f4 c5 46. Bd3 Rg7 47. h6 Rg6 48. Bxg6 fxg6 49. Kg4 c4 50. R1f2 a4 51. Rf6 Nxf6+ 52. Rxf6 Rb6 53. Rxg6+ Kh7 54. Kh5 b4 55. Rf6 bxa3 56. bxa3 Rb3 57. Rf7+ Kh8 58. Kg6 Rb8 59. h7 Re8 60. g4 Ra8 61. g5 Re8 62. Kh6 Ra8 63. g6 Ra7 64. g7# 1-0

[Event "SLO-chT2 West"]
[Site "Ljubljana"]
[Date "2014.10.17"]
[Round "1.3"]
[White "Stanic, Vitko"]
[Black "Raspor, Gregor"]
[Result "0-1"]
[WhiteElo "1794"]
[BlackElo "2068"]
[PlyCount "66"]
[EventDate "2014.10.17"]
[EventType "team-tourn"]
[EventRounds "9"]
[EventCountry "SLO"]
[SourceTitle "EXT 2019"]
[Source "ChessBase"]
[SourceDate "2018.10.10"]
[SourceVersion "1"]
[SourceVersionDate "2018.10.10"]
[SourceQuality "1"]
[WhiteTeam "Loska Dolina"]
[BlackTeam "Posocje"]
[WhiteTeamCountry "SLO"]
[BlackTeamCountry "SLO"]

1. d4 Nf6 2. c4 e6 3. Nf3 b6 4. g3 Bb7 5. Bg2 Be7 6. 0-0 0-0 7. Nbd2 c5 8. e3 d5 9. b3 Nc6 10. Bb2 cxd4 11. Nxd4 Rc8 12. a3 Nxd4 13. Bxd4 Qd7 14. Re1 dxc4 15. Nxc4 Bxg2 16. Kxg2 Qd5+ 17. Kg1 Rfd8 18. Qe2 Ne4 19. Rad1 Ng5 20. e4 Qb5 21. h4 Qxb3 22. Nd2 Qxa3 23. Be3 Rxd2 24. Rxd2 Nxe4 25. Rc2 Rxc2 26. Qxc2 Nf6 27. Qc8+ Bf8 28. Rc1 Nd5 29. Bd2 a5 30. Qc2 a4 31. Rb1 Bc5 32. Be1 Qf3 33. Rb2 Nc3 0-1

[Event "SLO-chT3 West"]
[Site "Postojna"]
[Date "2013.11.24"]
[Round "5"]
[White "Stanic, Vitko"]
[Black "Cijan, Alojz"]
[Result "1/2-1/2"]
[WhiteElo "1799"]
[BlackElo "1651"]
[PlyCount "129"]
[EventDate "2013.11.22"]
[EventType "team"]
[EventRounds "5"]
[EventCountry "SLO"]
[SourceTitle "EXT 2015"]
[Source "ChessBase"]
[SourceDate "2014.11.20"]
[SourceVersion "1"]
[SourceVersionDate "2014.11.20"]
[SourceQuality "1"]

1. c4 e6 2. Nc3 b6 3. e4 Bb7 4. d4 c6 5. Be3 Ne7 6. Bd3 Na6 7. a3 Nc7 8. Nge2 g6 9. 0-0 Bg7 10. Qc2 0-0 11. Rad1 d5 12. f3 Qd7 13. b4 a6 14. Qb3 b5 15. c5 Rfd8 16. e5 f5 17. Qc2 h6 18. h4 Rf8 19. Qd2 Kh7 20. g3 Rf7 21. Kg2 Raf8 22. Rh1 Ng8 23. Nf4 Qd8 24. Nh3 Rd7 25. Ne2 h5 26. Nef4 Qe8 27. Rdg1 Nh6 28. Kf1 Rh8 29. Qg2 Kg8 30. Ke1 Bf8 31. Be2 Rg7 32. Bd3 Bc8 33. Qd2 Re7 34. Be2 Rg7 35. Nxh5 gxh5 36. Bxh6 Rg6 37. Bg5 Bh6 38. Qd1 Bxg5 39. hxg5 Rg7 40. f4 h4 41. g4 Qf7 42. Qd3 Bd7 43. Rg2 Be8 44. Qe3 Qe7 45. Rgh2 Bg6 46. Ng1 Rgh7 47. Qf2 Qg7 48. Rxh4 Rxh4 49. Rxh4 Rxh4 50. Qxh4 Qh7 51. Qxh7+ Bxh7 52. Kf2 Kf7 53. Kg3 Ne8 54. Kh4 Bg6 55. Nf3 Ng7 56. Nh2 Ke7 57. Nf1 Kf7 58. Ng3 Ke7 59. Bd3 Kf7 60. gxf5 exf5 61. Bf1 Ne6 62. Ne2 Ke7 63. Bg2 Kf7 64. Bf3 Kg7 65. Bg2 1/2-1/2

[Event "SLO-chT Central 1st League 14th"]
[Site "Slovenia"]
[Date "2013.10.10"]
[Round "3.1"]
[White "Stanic, Vitko"]
[Black "Novkovic, Stojan"]
[Result "0-1"]
[WhiteElo "1799"]
[BlackElo "2058"]
[PlyCount "120"]
[EventDate "2013.09.19"]
[EventType "team-swiss"]
[EventRounds "9"]
[EventCountry "SLO"]
[SourceTitle "EXT 2022"]
[Source "ChessBase"]
[SourceDate "2021.10.06"]
[SourceVersion "1"]
[SourceVersionDate "2021.10.06"]
[SourceQuality "1"]

1. d4 Nf6 2. c4 c5 3. Nf3 cxd4 4. Nxd4 Nc6 5. Nc3 Nxd4 6. Qxd4 g6 7. e3 Bg7 8. Qd1 d6 9. Bd3 0-0 10. 0-0 Be6 11. Bd2 Rc8 12. Qe2 d5 13. cxd5 Nxd5 14. Nxd5 Qxd5 15. e4 Qd6 16. Be3 Rc7 17. Rad1 Bxa2 18. Ra1 Rd8 19. Rxa2 Qxd3 20. Qxd3 Rxd3 21. Rxa7 Bxb2 22. g3 Bd4 23. Bxd4 Rxd4 24. Rb1 Rxe4 25. Raxb7 Rxb7 26. Rxb7 h5 27. h4 Kg7 28. Kg2 Kf6 29. Kf3 Kf5 30. Ra7 Re1 31. Rb7 f6 32. Rb5+ e5 33. Kg2 Re2 34. Kf3 Ra2 35. Rc5 Ra3+ 36. Kg2 g5 37. hxg5 Kxg5 38. Rb5 h4 39. gxh4+ Kxh4 40. Rb4+ Kg5 41. f3 f5 42. Rb2 Kf4 43. Rb4+ Ke3 44. Rb2 Rd3 45. Kg3 e4 46. fxe4 fxe4 47. Rb4 Ke2+ 48. Kf4 e3 49. Rb2+ Rd2 50. Rb3 Rd4+ 51. Kg3 Rd3 52. Rb2+ Ke1 53. Rb1+ Rd1 54. Rb3 e2 55. Kg2 Rd8 56. Rb1+ Kd2 57. Rb2+ Kd1 58. Rb1+ Kc2 59. Ra1 Rd1 60. Ra2+ Kd3 0-1

[Event "Nova Gorica op-A 18th"]
[Site "Nova Gorica"]
[Date "2013.01.29"]
[Round "7"]
[White "Hrescak, Ivana"]
[Black "Stanic, Vitko"]
[Result "1-0"]
[WhiteElo "1742"]
[BlackElo "1797"]
[PlyCount "69"]
[EventDate "2013.01.25"]
[EventType "swiss"]
[EventRounds "9"]
[EventCountry "SLO"]
[SourceTitle "CBM 152 Extra"]
[Source "ChessBase"]
[SourceDate "2013.02.25"]
[SourceVersion "1"]
[SourceVersionDate "2013.02.25"]
[SourceQuality "1"]

1. d4 d5 2. c4 Nf6 3. Nc3 g6 4. cxd5 Nxd5 5. e4 Nf6 6. f3 Bg7 7. Be3 c6 8. Nge2 e6 9. Qd2 Nbd7 10. g4 Nb6 11. Ng3 Ng8 12. 0-0-0 a5 13. h4 h6 14. Qf2 Nd7 15. d5 cxd5 16. exd5 e5 17. d6 a4 18. Nb5 Kf8 19. Nc7 Ra5 20. Qd2 Ra6 21. Bxa6 bxa6 22. h5 g5 23. Nf5 Ngf6 24. Qa5 Kg8 25. Ne7+ Kh7 26. Qd2 Bb7 27. Rhf1 Rf8 28. Qc2+ Kh8 29. Qxa4 Ne8 30. Nxe8 Rxe8 31. Qb3 Qa8 32. Qxf7 Bc6 33. Bxg5 hxg5 34. Ng6+ Kh7 35. h6 1-0

[Event "Nova Gorica op-A 18th"]
[Site "Nova Gorica"]
[Date "2013.01.27"]
[Round "5"]
[White "Stanic, Vitko"]
[Black "Markocic, Spela"]
[Result "1-0"]
[WhiteElo "1797"]
[BlackElo "1498"]
[PlyCount "83"]
[EventDate "2013.01.25"]
[EventType "swiss"]
[EventRounds "9"]
[EventCountry "SLO"]
[SourceTitle "CBM 152 Extra"]
[Source "ChessBase"]
[SourceDate "2013.02.25"]
[SourceVersion "1"]
[SourceVersionDate "2013.02.25"]
[SourceQuality "1"]

1. d4 Nf6 2. Nf3 g6 3. g3 Bg7 4. Bg2 0-0 5. 0-0 d6 6. Nbd2 c5 7. c3 Nc6 8. Nb3 cxd4 9. Nfxd4 Bd7 10. e4 Qc8 11. Re1 Bh3 12. Bh1 Rb8 13. a4 Bg4 14. f3 Bd7 15. Be3 Nxd4 16. Nxd4 a6 17. Qd2 Re8 18. Bg2 Bc6 19. Bf2 Qc7 20. a5 Nd7 21. b4 Ra8 22. Bf1 Ne5 23. Qe2 Bd7 24. Rac1 Rec8 25. Be3 Bb5 26. Nxb5 axb5 27. Bd4 Nc4 28. Bxg7 Kxg7 29. Qf2 e5 30. Red1 Rd8 31. Rd5 Qc6 32. Bxc4 Qxc4 33. Qb6 Qe2 34. Qf2 Qxf2+ 35. Kxf2 Rac8 36. Rxb5 Rc7 37. Ke3 Rdc8 38. Kd3 g5 39. Rb6 Rd7 40. Rb5 Kf8 41. Rd5 Ke7 42. Kc2 1-0

[Event "SLO-chT2 West"]
[Site "Ljubljana"]
[Date "2012.10.20"]
[Round "2.5"]
[White "Stanic, Vitko"]
[Black "Zupec, Nejc"]
[Result "1/2-1/2"]
[WhiteElo "1796"]
[BlackElo "1870"]
[PlyCount "71"]
[EventDate "2012.10.19"]
[EventType "team-tourn"]
[EventRounds "9"]
[EventCountry "SLO"]
[SourceTitle "EXT 2022"]
[Source "ChessBase"]
[SourceDate "2021.10.06"]
[SourceVersion "1"]
[SourceVersionDate "2021.10.06"]
[SourceQuality "1"]
[WhiteTeam "Loska Dolina"]
[BlackTeam "Ig"]
[WhiteTeamCountry "SLO"]
[BlackTeamCountry "SLO"]

1. d4 d5 2. Nf3 Nf6 3. g3 Bg4 4. Bg2 e6 5. 0-0 Bd6 6. Nbd2 0-0 7. Re1 c5 8. c3 Nc6 9. dxc5 Bxc5 10. Nb3 Be7 11. Bg5 Qb6 12. Be3 Qc7 13. Bc5 Rfe8 14. Bxe7 Rxe7 15. Nbd2 Rd8 16. h3 Bh5 17. g4 Bg6 18. Nh4 Ne5 19. Nxg6 Nxg6 20. e3 Nh4 21. Qa4 Nxg2 22. Kxg2 a6 23. Rac1 Nd7 24. Qc2 Ne5 25. f4 Ng6 26. Nf3 b5 27. a3 Rc8 28. h4 e5 29. h5 e4 30. Nh2 Nf8 31. Qd2 Qd6 32. Rcd1 Rd8 33. Nf1 Ne6 34. Ng3 Red7 35. Nf5 Qf8 36. Nd4 1/2-1/2

[Event "SLO-chT2 West"]
[Site "Slovenia"]
[Date "2010.11.07"]
[Round "4.5"]
[White "Stanic, Vitko"]
[Black "Biti, Ana"]
[Result "0-1"]
[WhiteElo "1794"]
[BlackElo "2080"]
[PlyCount "62"]
[EventDate "2010.11.05"]
[EventType "team-tourn"]
[EventRounds "9"]
[EventCountry "SLO"]
[SourceTitle "EXT 2022"]
[Source "ChessBase"]
[SourceDate "2021.10.06"]
[SourceVersion "1"]
[SourceVersionDate "2021.10.06"]
[SourceQuality "1"]

1. d4 Nf6 2. Nf3 g6 3. g3 Bg7 4. Bg2 0-0 5. Nbd2 d5 6. 0-0 Bf5 7. Re1 Qc8 8. c3 a5 9. a4 Na6 10. Nh4 Bg4 11. Nhf3 c5 12. Nf1 cxd4 13. Nxd4 e5 14. Nb5 Nc5 15. Be3 Be6 16. Nd2 b6 17. f3 Bd7 18. Kf2 Bxb5 19. axb5 Qd7 20. b4 axb4 21. cxb4 Nb7 22. Rxa8 Rxa8 23. Bxb6 Qxb5 24. Bc5 Nxc5 25. bxc5 Qxc5+ 26. Kf1 Ra2 27. Nb3 Qc3 28. h3 Nh5 29. Kf2 e4 30. g4 Be5 31. Kg1 Qe3+ 0-1

[Event "SLO-chT2 West"]
[Site "Slovenia"]
[Date "2010.11.06"]
[Round "2.5"]
[White "Stanic, Vitko"]
[Black "Suc, Timothy"]
[Result "1/2-1/2"]
[WhiteElo "1794"]
[BlackElo "2031"]
[PlyCount "53"]
[EventDate "2010.11.05"]
[EventType "team-tourn"]
[EventRounds "9"]
[EventCountry "SLO"]
[SourceTitle "EXT 2022"]
[Source "ChessBase"]
[SourceDate "2021.10.06"]
[SourceVersion "1"]
[SourceVersionDate "2021.10.06"]
[SourceQuality "1"]

1. d4 f5 2. Nf3 Nf6 3. e3 e6 4. Nbd2 b6 5. Be2 Bb7 6. 0-0 g6 7. Ne5 d6 8. Bf3 c6 9. Nd3 d5 10. b3 Nbd7 11. Bb2 Bg7 12. c4 0-0 13. Rc1 Qe7 14. Re1 Rac8 15. g3 Ne4 16. Bg2 c5 17. Ba3 Rfd8 18. Nf3 dxc4 19. bxc4 e5 20. Qb3 Ng5 21. Nxg5 Bxg2 22. Kxg2 Qxg5 23. f4 exf4 24. exf4 Qf6 25. d5 Re8 26. Bb2 Qd6 27. Bxg7 1/2-1/2

[Event "SLO-chT2 West"]
[Site "Postojna"]
[Date "2009.10.25"]
[Round "5.5"]
[White "Brecevic, Vladko"]
[Black "Stanic, Vitko"]
[Result "1-0"]
[WhiteElo "2093"]
[BlackElo "1812"]
[PlyCount "93"]
[EventDate "2009.10.23"]
[EventType "team-tourn"]
[EventRounds "9"]
[EventCountry "SLO"]
[SourceTitle "EXT 2010"]
[Source "ChessBase"]
[SourceDate "2010.11.25"]
[SourceVersion "1"]
[SourceVersionDate "2010.11.25"]
[SourceQuality "1"]
[WhiteTeam "Koper"]
[BlackTeam "Loska Dolina"]
[WhiteTeamCountry "SLO"]
[BlackTeamCountry "SLO"]

1. e4 d5 2. exd5 Qxd5 3. Nc3 Qa5 4. Nf3 Nf6 5. Be2 Bf5 6. b4 Qb6 7. Rb1 Ne4 8. Nxe4 Bxe4 9. d3 Bxf3 10. Bxf3 e6 11. 0-0 c6 12. Bb2 Nd7 13. Qe2 Qc7 14. Bh5 0-0-0 15. Bxf7 e5 16. a3 Bd6 17. h3 Rhf8 18. Be6 Rfe8 19. Bxd7+ Qxd7 20. Qe4 g6 21. Bc1 Qf5 22. Be3 Qxe4 23. dxe4 a6 24. Rfd1 Bc7 25. Kf1 Rxd1+ 26. Rxd1 Rd8 27. Rb1 b5 28. Ke2 Kb7 29. Rb3 Rd7 30. g3 Kc8 31. f4 Rf7 32. fxe5 Bxe5 33. Bf2 Kd7 34. a4 Kc7 35. axb5 cxb5 36. Rd3 Rd7 37. Rf3 Kb7 38. c3 Kc6 39. Be1 Kc7 40. Rf8 Rd8 41. Rf3 Rd7 42. g4 Kb7 43. Bg3 Bg7 44. Bh4 Bh6 45. Bf6 Rd2+ 46. Ke1 Rd6 47. g5 1-0

[Event "SLO-chT2 West"]
[Site "Postojna"]
[Date "2009.10.24"]
[Round "2.5"]
[White "Stanic, Vitko"]
[Black "Krasevec, Martin"]
[Result "1-0"]
[WhiteElo "1812"]
[BlackElo "1784"]
[PlyCount "155"]
[EventDate "2009.10.23"]
[EventType "team-tourn"]
[EventRounds "9"]
[EventCountry "SLO"]
[SourceTitle "EXT 2010"]
[Source "ChessBase"]
[SourceDate "2010.11.25"]
[SourceVersion "1"]
[SourceVersionDate "2010.11.25"]
[SourceQuality "1"]
[WhiteTeam "Loska Dolina"]
[BlackTeam "Postojna"]
[WhiteTeamCountry "SLO"]
[BlackTeamCountry "SLO"]

1. d4 f5 2. Nf3 Nf6 3. e3 d6 4. Bc4 d5 5. Bb3 Nc6 6. c4 e6 7. Nc3 g5 8. Ne5 Bb4 9. Ba4 Bd7 10. Nxd7 Qxd7 11. cxd5 Qxd5 12. f3 0-0-0 13. 0-0 Bxc3 14. bxc3 g4 15. Bb3 Qd6 16. a4 gxf3 17. Qxf3 Ne4 18. Bc2 Nxc3 19. Ba3 Qd7 20. Bb2 Nd5 21. a5 a6 22. Ba4 Ndb4 23. Ba3 Qd5 24. Qe2 Rhg8 25. Rac1 Qxa5 26. Bxc6 Nxc6 27. Bb2 Qd5 28. Rc5 Qe4 29. Rf4 Qb1+ 30. Rf1 Qa2 31. Ra1 Qb3 32. Rac1 Rd6 33. R5c3 Qb5 34. Rc4 Rd7 35. Qf2 Rdg7 36. g3 h5 37. Rc5 Qb3 38. d5 Rd7 39. dxc6 Rd1+ 40. Rxd1 Qxd1+ 41. Qf1 Qb3 42. cxb7+ Kxb7 43. Qf3+ Kb8 44. Be5 Rc8 45. Bf4 Qb4 46. Rc6 a5 47. Ra6 Qb7 48. Qxb7+ Kxb7 49. Rxa5 c5 50. Ra3 c4 51. Rc3 Kb6 52. Be5 Kc5 53. Kf1 Kd5 54. Bf6 Ke4 55. Ke2 Rc6 56. Bg5 e5 57. h4 Rc8 58. Kf2 Rc6 59. Ke2 Rc8 60. Bf6 Rc6 61. Be7 Kd5 62. Kd2 Ra6 63. Ra3 Rg6 64. Bg5 Ke4 65. Ra5 Re6 66. Ra4 Kf3 67. Rxc4 Kxg3 68. Ke2 e4 69. Rc5 Kg4 70. Rc1 Ra6 71. Rg1+ Kh3 72. Rd1 Ra2+ 73. Rd2 Ra1 74. Kf2 Rh1 75. Rd5 Kg4 76. Kg2 Ra1 77. Rd2 Rb1 78. Rf2 1-0

[Event "SLO-chT2 West"]
[Site "Postojna"]
[Date "2009.10.24"]
[Round "3.5"]
[White "Ursic, Aleksander"]
[Black "Stanic, Vitko"]
[Result "1-0"]
[WhiteElo "2012"]
[BlackElo "1812"]
[PlyCount "120"]
[EventDate "2009.10.23"]
[EventType "team-tourn"]
[EventRounds "9"]
[EventCountry "SLO"]
[SourceTitle "EXT 2010"]
[Source "ChessBase"]
[SourceDate "2010.11.25"]
[SourceVersion "1"]
[SourceVersionDate "2010.11.25"]
[SourceQuality "1"]
[WhiteTeam "Sezana"]
[BlackTeam "Loska Dolina"]
[WhiteTeamCountry "SLO"]
[BlackTeamCountry "SLO"]

1. d4 Nf6 2. Nf3 d5 3. Bf4 Nbd7 4. e3 e6 5. Bd3 c5 6. c3 Be7 7. Nbd2 c4 8. Bc2 0-0 9. 0-0 Nh5 10. Re1 f5 11. b3 Nxf4 12. exf4 cxb3 13. axb3 Nf6 14. Ne5 Qc7 15. Re3 Bd6 16. Ndf3 b5 17. b4 a5 18. Qe2 Ne4 19. Qe1 a4 20. g3 Bd7 21. Nxd7 Qxd7 22. Bxe4 fxe4 23. Nd2 Rf6 24. f3 Rg6 25. Kh1 exf3 26. Nxf3 h6 27. Qe2 Rc8 28. Qd3 Rf6 29. Kg2 Rb8 30. Nd2 Qf7 31. Rae1 Rb6 32. Nb1 Bc7 33. Na3 Qd7 34. h4 h5 35. R1e2 g6 36. Nc2 Kg7 37. Ne1 Ra6 38. Nf3 a3 39. Ra2 Qc6 40. Nd2 Rf8 41. Re1 Ra4 42. Rea1 Rfa8 43. Nb1 Qa6 44. Rxa3 Qc6 45. Kf3 Kf6 46. Rxa4 bxa4 47. Na3 Bd6 48. Rg1 Rc8 49. Nb5 Be7 50. g4 hxg4+ 51. Rxg4 Qe8 52. Ke2 Rc4 53. Na3 Rc8 54. Kd2 Rb8 55. Nc2 Ra8 56. Qh3 a3 57. Rg1 a2 58. h5 gxh5 59. Qh4+ Kf7 60. Qxh5+ Kf8 1-0

[Event "SLO-chT2 West"]
[Site "Postojna"]
[Date "2009.10.23"]
[Round "1.4"]
[White "Stanic, Vitko"]
[Black "Ursic, Simona"]
[Result "0-1"]
[WhiteElo "1812"]
[BlackElo "2053"]
[PlyCount "78"]
[EventDate "2009.10.23"]
[EventType "team-tourn"]
[EventRounds "9"]
[EventCountry "SLO"]
[SourceTitle "EXT 2010"]
[Source "ChessBase"]
[SourceDate "2010.11.25"]
[SourceVersion "1"]
[SourceVersionDate "2010.11.25"]
[SourceQuality "1"]
[WhiteTeam "Loska Dolina"]
[BlackTeam "Tolmin Hidria"]
[WhiteTeamCountry "SLO"]
[BlackTeamCountry "SLO"]

1. d4 Nf6 2. Nf3 d6 3. c4 c6 4. Nc3 Nbd7 5. e3 e5 6. Be2 Be7 7. 0-0 0-0 8. Qc2 a6 9. a4 a5 10. Rd1 Qc7 11. Bd2 Re8 12. Rac1 Bf8 13. Be1 Nb8 14. h3 Na6 15. Bf1 Nb4 16. Qb1 Qe7 17. dxe5 dxe5 18. b3 e4 19. Nd4 Qe5 20. Nce2 Nd3 21. Rc2 h5 22. f4 exf3 23. Rxd3 fxe2 24. Bxe2 Bc5 25. Bf2 Ne4 26. Qc1 Qf6 27. Bf3 Qg6 28. Bxe4 Rxe4 29. Kh1 Bxd4 30. Rxd4 Bf5 31. Rcd2 Rae8 32. Rd8 Kh7 33. Rxe8 Rxe8 34. Qc3 Be4 35. Bg1 Qg3 36. Qd4 Qxh3+ 37. Bh2 Qf5 38. Bg1 h4 39. Qd7 Re6 0-1